00277nam a2200121Ia 4500008004100000082001600041100001200057245002500069250000800094260003700102300000800139650000800147191201s2006 xx 000 0 und d a658.15bKEM aKEAT, P 0aManagerial Economics a1st aN.DelhibPearson Educationc2006 a592 aMBA